00692nam a2200193 a 450000100100000000500170001000800410002702000150006804000250008308200170010810000300012524500470015526000760020230000380027850000350031604900090035195201210036099900170048100002531320200930023712.0110214s1996 mx ad r 000 0 spa d a9684442289 aDO-SdBNPbspacBNPHU axxxxxbM976j1 aMurgades, Francesc95185010aJuegos de ecología /cFrancesc Murgades. aMéxico, D. F. :bBiblioteca de Recursos Didácticos Alhambra,c1996. a132 p. :bil., retrs. ;c22.5 cm. aIncluye índice alfabético. aBNGR 001054708MOaGRbGRcCTd2011-02-14iLF1l0oxxxxx M976jp25313-10r2020-06-25w2020-06-25y4ZPréstamo en sala c24806d24806